[Event "IECC CL5-2010.01 email"]
[Site "IECC email"]
[Date "2010.03.06"]
[Round "?"]
[White "Morrison, Michael Francis"]
[Black "Erillinen, Alp"]
[Result "0-1"]
[WhiteElo "1444"]
[BlackElo "1474"]
[PlyCount "74"]
[EventDate "2010.??.??"]
[EventType "tourn (corr)"]
[EventRounds "4"]
[SourceTitle "Corr 2013"]
[Source "ChessBase"]
[SourceDate "2012.11.12"]
[SourceVersion "1"]
[SourceVersionDate "2012.11.12"]
[SourceQuality "1"]
[WhiteTeam "Germany"]
[BlackTeam "Canada"]
[WhiteTeamCountry "GER"]
[BlackTeamCountry "CAN"]

1. d4 Nf6 2. Nf3 c5 3. g3 cxd4 4. Nxd4 e6 5. Bg2 a6 6. c4 Qc7 7. b3 Bb4+ 8. Bd2 Be7 9. Nc3 Nc6 10. e3 0-0 11. 0-0 Rd8 12. Rc1 Ba3 13. Rb1 Be7 14. Qe2 d5 15. cxd5 exd5 16. Nxc6 bxc6 17. Rfc1 Bg4 18. f3 Bf5 19. e4 Bg6 20. Bf4 Qa7+ 21. Kh1 Bb4 22. Bg5 Qe7 23. Na4 h6 24. Bxf6 Qxf6 25. Rf1 Qe6 26. Rbc1 dxe4 27. fxe4 Rd2 28. Qc4 Qxc4 29. Rxc4 a5 30. Rxc6 Rxg2 31. Rxg6 Rxa2 32. Rc6 Rd8 33. Rfc1 Rdd2 34. Rc8+ Kh7 35. Nc3 Rxh2+ 36. Kg1 Rag2+ 37. Kf1 Rc2 0-1

[Event "IECC CL5-2004.18 email"]
[Site "IECC email"]
[Date "2004.06.28"]
[Round "?"]
[White "Filgueira, Horacio"]
[Black "Morrison, Michael Francis"]
[Result "0-1"]
[WhiteElo "1461"]
[BlackElo "1486"]
[PlyCount "48"]
[EventDate "2004.??.??"]
[EventType "tourn (corr)"]
[EventRounds "4"]
[SourceTitle "Corr 2008"]
[Source "ChessBase"]
[SourceDate "2008.06.24"]
[SourceVersion "1"]
[SourceVersionDate "2008.06.24"]
[SourceQuality "1"]

1. e4 c6 2. d4 d5 3. Nc3 dxe4 4. Nxe4 Bf5 5. Ng3 Bg6 6. Nf3 Nd7 7. h4 h6 8. h5 Bh7 9. Bd3 Bxd3 10. Qxd3 e6 11. Ne4 Ngf6 12. Bf4 Nxe4 13. Qxe4 Qa5+ 14. c3 Nf6 15. Qe5 Qxe5+ 16. Nxe5 c5 17. 0-0-0 cxd4 18. Rxd4 Bc5 19. Rd2 0-0 20. g4 Rfd8 21. Nd3 Be7 22. f3 Nd5 23. Bg3 Rac8 24. f4 Nxc3 0-1

[Event "IECC CL5-2004.18 email"]
[Site "IECC email"]
[Date "2004.06.28"]
[Round "?"]
[White "Morrison, Michael Francis"]
[Black "Von Rosenberg, Clemens"]
[Result "1-0"]
[WhiteElo "1490"]
[BlackElo "1392"]
[PlyCount "24"]
[EventDate "2004.??.??"]
[EventType "tourn (corr)"]
[EventRounds "4"]
[SourceTitle "Corr 2008"]
[Source "ChessBase"]
[SourceDate "2008.06.24"]
[SourceVersion "1"]
[SourceVersionDate "2008.06.24"]
[SourceQuality "1"]

1. d4 Nf6 2. Nf3 e6 3. c4 Bb4+ 4. Bd2 Bxd2+ 5. Qxd2 0-0 6. Nc3 d5 7. e3 c6 8. Bd3 Nbd7 9. 0-0 Nb6 10. c5 Nbd7 11. e4 dxe4 12. Bxe4 h6 1-0

[Event "IECC CL5-2004.18 email"]
[Site "IECC email"]
[Date "2004.06.28"]
[Round "?"]
[White "Van Gimst, Herman"]
[Black "Morrison, Michael Francis"]
[Result "1-0"]
[WhiteElo "1517"]
[BlackElo "1501"]
[PlyCount "53"]
[EventDate "2004.??.??"]
[EventType "tourn (corr)"]
[EventRounds "4"]
[SourceTitle "Corr 2008"]
[Source "ChessBase"]
[SourceDate "2008.06.24"]
[SourceVersion "1"]
[SourceVersionDate "2008.06.24"]
[SourceQuality "1"]

1. d4 d5 2. c4 c6 3. Nf3 Nf6 4. Nc3 dxc4 5. a4 Bf5 6. e3 e6 7. Bxc4 Bb4 8. 0-0 0-0 9. Qe2 Nbd7 10. Bd2 Re8 11. Nh4 Rc8 12. Nxf5 exf5 13. h3 Nb6 14. Bd3 g6 15. Rfc1 Nh5 16. Bxf5 gxf5 17. Qxh5 Qf6 18. a5 Nd7 19. Nd5 cxd5 20. Bxb4 a6 21. Qf3 Qe6 22. Rc7 Rb8 23. Qg3+ Kh8 24. Rac1 Nf6 25. Re7 Rxe7 26. Qxb8+ Re8 27. Qxb7 1-0

[Event "Warren Motor City op"]
[Site "Warren"]
[Date "2001.11.25"]
[Round "6"]
[White "Morrison, Michael Francis"]
[Black "Goetz, Robert"]
[Result "0-1"]
[WhiteElo "907"]
[BlackElo "1369"]
[PlyCount "30"]
[EventDate "2001.11.24"]
[EventType "swiss"]
[EventRounds "7"]
[EventCountry "USA"]
[SourceTitle "EXT 2007"]
[Source "ChessBase"]
[SourceDate "2006.11.23"]
[SourceVersion "1"]
[SourceVersionDate "2006.11.23"]
[SourceQuality "1"]

1. d4 d5 2. c4 e6 3. Nf3 Nf6 4. Bg5 Bb4+ 5. Nc3 c5 6. dxc5 Qa5 7. Bxf6 gxf6 8. Qd2 dxc4 9. Qd4 e5 10. Qxc4 Be6 11. Qd3 Qxc5 12. 0-0-0 Nc6 13. a3 Bxa3 14. bxa3 Qxa3+ 15. Kd2 Rd8 0-1

[Event "Warren Motor City op"]
[Site "Warren"]
[Date "2001.11.24"]
[Round "5"]
[White "Rucker, Ed"]
[Black "Morrison, Michael Francis"]
[Result "0-1"]
[WhiteElo "1116"]
[BlackElo "907"]
[PlyCount "102"]
[EventDate "2001.11.24"]
[EventType "swiss"]
[EventRounds "7"]
[EventCountry "USA"]
[SourceTitle "EXT 2007"]
[Source "ChessBase"]
[SourceDate "2006.11.23"]
[SourceVersion "1"]
[SourceVersionDate "2006.11.23"]
[SourceQuality "1"]

1. d4 d5 2. c4 Nf6 3. e3 c6 4. Nc3 Bf5 5. Nf3 dxc4 6. Bxc4 e6 7. 0-0 Bg4 8. h3 Bxf3 9. Qxf3 Bd6 10. Re1 Bb4 11. a3 Bxc3 12. bxc3 Nbd7 13. e4 0-0 14. Bg5 Qa5 15. Bxf6 Nxf6 16. e5 Nd5 17. Bxd5 cxd5 18. Qd3 Rac8 19. Rec1 Rc4 20. Rc2 Rfc8 21. Rac1 Qxa3 22. f4 Qb3 23. g4 b5 24. Ra1 Ra4 25. Rxa4 Qxa4 26. Kh2 Qc4 27. Qxc4 Rxc4 28. Ra2 Ra4 29. Rb2 a6 30. Kg3 Ra3 31. Rc2 b4 32. Kh4 Rxc3 33. Ra2 Ra3 34. Rc2 h6 35. Rc8+ Kh7 36. Rc7 Ra5 37. g5 Kg6 38. Kg3 hxg5 39. fxg5 Kxg5 40. h4+ Kg6 41. Kg4 f5+ 42. Kf4 b3 43. Rc1 b2 44. Rg1+ Kh6 45. h5 Kxh5 46. Rxg7 Kh6 47. Rg3 b1Q 48. Rh3+ Kg7 49. Rg3+ Kf7 50. Kg5 Qc1+ 51. Kh4 Qh6# 0-1

[Event "IECC Swiss email"]
[Site "IECC email"]
[Date "2000.12.27"]
[Round "?"]
[White "Morrison, Michael Francis"]
[Black "Garcia, Antonio Lopez"]
[Result "0-1"]
[WhiteElo "1618"]
[BlackElo "1236"]
[PlyCount "42"]
[EventDate "2000.??.??"]
[EventType "tourn (corr)"]
[EventRounds "6"]
[SourceTitle "Corr 2008"]
[Source "ChessBase"]
[SourceDate "2008.06.24"]
[SourceVersion "1"]
[SourceVersionDate "2008.06.24"]
[SourceQuality "1"]

1. e4 c5 2. Nf3 d6 3. d4 cxd4 4. Nxd4 Nf6 5. Nc3 a6 6. Bg5 e6 7. f4 Be7 8. Qf3 Qc7 9. 0-0-0 Nbd7 10. g4 b5 11. Bg2 Bb7 12. Bxf6 Nxf6 13. g5 Nd7 14. f5 e5 15. Ne6 fxe6 16. Qh5+ Kd8 17. fxe6 Nb6 18. Rhf1 Rc8 19. Rf2 Nc4 20. g6 Qc5 21. Rf7 Qb4 0-1

[Event "IECC CL4-2000.41"]
[Site "IECC email"]
[Date "2000.11.14"]
[Round "?"]
[White "Croad, Nicolas"]
[Black "Morrison, Michael Francis"]
[Result "1-0"]
[WhiteElo "1816"]
[BlackElo "1626"]
[PlyCount "63"]
[EventDate "2000.??.??"]
[EventType "tourn (corr)"]
[EventRounds "4"]
[SourceTitle "Corr 2008"]
[Source "ChessBase"]
[SourceDate "2008.06.24"]
[SourceVersion "1"]
[SourceVersionDate "2008.06.24"]
[SourceQuality "1"]

1. e4 e5 2. Nf3 Nf6 3. Nxe5 d6 4. Nf3 Nxe4 5. d4 d5 6. Bd3 Be7 7. 0-0 Nc6 8. c4 Nb4 9. cxd5 Nxd3 10. Qxd3 Qxd5 11. Re1 Bf5 12. g4 Bg6 13. Nc3 Nxc3 14. Qxc3 Qd6 15. Bg5 f6 16. Bh4 0-0 17. Bg3 Qd7 18. Qb3+ Bf7 19. Qxb7 Bd5 20. Rxe7 Bxb7 21. Rxd7 Bxf3 22. Rxc7 Rfd8 23. h3 Rxd4 24. Re1 a5 25. Kh2 Rd1 26. Rxd1 Bxd1 27. g5 Re8 28. gxf6 gxf6 29. Bf4 Re2 30. Bh6 Rxf2+ 31. Kg1 Rxb2 32. Rg7+ 1-0

[Event "IECC Swiss email"]
[Site "IECC email"]
[Date "2000.07.18"]
[Round "?"]
[White "Wood, Simon"]
[Black "Morrison, Michael Francis"]
[Result "1-0"]
[WhiteElo "1167"]
[BlackElo "1638"]
[PlyCount "69"]
[EventDate "2000.??.??"]
[EventType "tourn (corr)"]
[EventRounds "6"]
[SourceTitle "Corr 2008"]
[Source "ChessBase"]
[SourceDate "2008.06.24"]
[SourceVersion "1"]
[SourceVersionDate "2008.06.24"]
[SourceQuality "1"]

1. e4 c6 2. d4 d5 3. Nc3 dxe4 4. Nxe4 Nd7 5. Nf3 Ngf6 6. Ng3 c5 7. dxc5 e6 8. b4 b6 9. Be2 bxc5 10. b5 Bb7 11. c4 Qc7 12. Bb2 Bd6 13. Qc2 Bf4 14. Bc3 h5 15. Rd1 h4 16. Nf1 Ne4 17. N1d2 Nxc3 18. Qxc3 0-0-0 19. h3 Nf6 20. 0-0 e5 21. a4 g5 22. a5 g4 23. hxg4 h3 24. b6 axb6 25. axb6 Qe7 26. Nb3 Rdg8 27. g3 Ne4 28. Qd3 h2+ 29. Nxh2 Rxh2 30. Kxh2 Rh8+ 31. Kg1 Rh1+ 32. Kg2 Nxf2+ 33. Kxf2 e4 34. Qd8+ Qxd8 35. Rxd8+ 1-0

[Event "NATO-ch 10th"]
[Site "Stetten"]
[Date "1999.09.14"]
[Round "3.29"]
[White "Morrison, Michael Francis"]
[Black "Molin, Fabio"]
[Result "1/2-1/2"]
[WhiteElo "1680"]
[BlackElo "1800"]
[PlyCount "23"]
[EventDate "1999.09.13"]
[EventType "swiss"]
[EventRounds "7"]
[EventCountry "GER"]
[SourceTitle "EXT 2008"]
[Source "ChessBase"]
[SourceDate "2007.11.25"]
[SourceVersion "1"]
[SourceVersionDate "2007.11.25"]
[SourceQuality "1"]

1. e4 e5 2. Nf3 d6 3. d4 Nf6 4. Nc3 exd4 5. Qxd4 Nc6 6. Bb5 Bd7 7. Qd3 Be7 8. Bg5 h6 9. Bh4 a6 10. Bxc6 bxc6 11. h3 Nh5 12. Bxe7 1/2-1/2